000 00328nam a22001457a 4500
020 _a93-80557-79-5
082 _a894.812.3
_bCHE/K
100 _aCHARUVIL ASOKAN
245 _aKADALKKARAYILE VEEDU
250 _aFIRST
260 _aTHRISSUR
_bH&C PUBLISHING HOUSE
_c2010
300 _a62
650 _aSTORY
_zKERALA
942 _cBK
999 _c1486
_d1486